Using econometrics : a beginner's guide /

Bibliographic Details
Main Author: Cassidy, Henry J.
Format: Book
Language:English
Published: Reston, Va. : Reston Pub. Co., [1981]
Subjects:

MARC

Tag First Indicator Second Indicator Subfields
LEADER 00000pam a2200000 a 4500
001 in00000087022
005 20151008064703.0
008 801126s1981 vaua b 00110 engm
010 |a  80027774  
020 |a 0835981355 
035 |a (OCoLC)07169393 
035 |9 AAK4625AM 
040 |a DLC  |c DLC  |d m.c.  |d TXA  |d UtOrBLW 
049 |a TXAM  |c [1442851] 
050 0 0 |a HB139  |b .C37 
082 0 |a 330/.028  |2 19 
100 1 |a Cassidy, Henry J. 
245 1 0 |a Using econometrics :  |b a beginner's guide /  |c Henry J. Cassidy. 
264 1 |a Reston, Va. :  |b Reston Pub. Co.,  |c [1981] 
264 4 |c ©1981 
300 |a xiii, 304 pages :  |b illustrations ;  |c 24 cm. 
336 |a text  |b txt  |2 rdacontent 
337 |a unmediated  |b n  |2 rdamedia 
338 |a volume  |b nc  |2 rdacarrier 
504 |a Includes bibliographical references and index. 
650 0 |a Econometrics. 
650 0 |a Regression analysis. 
999 |a MARS 
999 f f |s ed8b8fb5-2d98-3448-b489-f535fc4a1446  |i d8810781-626c-3e47-8a31-20e43da5da05  |t 0 
952 f f |p ric  |a Texas A&M University  |b Rellis Campus  |c Joint Library Facility  |d Remote Storage  |t 0  |e HB139 .C37  |h Library of Congress classification  |i unmediated -- volume  |m A14806119202 
998 f f |a HB139 .C37  |t 0  |l Remote Storage